| 000 | 00921nam a22002297a 4500 | ||
|---|---|---|---|
| 003 | OSt | ||
| 005 | 20140310181919.0 | ||
| 008 | 130718t xxu||||| |||| 00| 0 eng d | ||
| 050 |
_aMT 733 _b.W733 1947 |
||
| 082 |
_aTR 784.193 _bW38 1947 |
||
| 100 |
_aWeber, Fred _91473 |
||
| 245 |
_aBelwin Intermediate Band Method / _cFred Weber. |
||
| 260 |
_aNew York : _bBelwin Inc, _cc1947. |
||
| 300 |
_a31 p. : _c31 cm. |
||
| 500 | _aPublished for: Conductor, C Flute, D Piccolo, B Clarinet, E Alto Clarinet, B Bass Clarinet, Oboe, Bassoon, E Alto Saxophone, B Tenor Saxophone, E Baritone Saxophone, B Cornet, Horn in F, E Mellophone, Trombone (Bass Clef), Baritone (Treble Clef), Baritone (Bass Clef), Bass (Tuba) and Drums, etc. | ||
| 521 | _aFaculty | ||
| 541 | _j1 | ||
| 562 | _e1 | ||
| 650 |
_aBands _xStudy and teaching. _91474 |
||
| 650 |
_aMusic _xStudy and teaching. _91475 |
||
| 942 |
_2lcc _cBK-TR _kTR |
||
| 999 |
_c6928 _d6928 |
||